| 000 | 00858cam a2200289 4500 | ||
|---|---|---|---|
| 001 | 397699 | ||
| 003 | OSt | ||
| 005 | 20230627112428.0 | ||
| 008 | 720614s1972 nyu b 001 0 eng | ||
| 010 | _a 79183868 | ||
| 020 | _a019501524X | ||
| 040 |
_aDLC _cDLC _dDLC |
||
| 082 | 0 | 0 |
_a337 _bHOR |
| 100 | 1 | _aHorowitz, Irving Louis. | |
| 245 | 1 | 0 |
_aThree worlds of development; _bthe theory and practice of international stratification. |
| 250 | _a2d ed. | ||
| 260 |
_aNew York, _bOxford University Press, _c1972. |
||
| 300 |
_axxx, 556 p. _c24 cm. |
||
| 350 | _a$15.00 | ||
| 504 | _aIncludes bibliographical references. | ||
| 650 | 0 | _aEconomic development. | |
| 650 | 0 |
_aEconomic history _y1945- |
|
| 650 | 0 |
_aSocial history _y1945- |
|
| 650 | 0 |
_aWorld politics _y1945-1989. |
|
| 906 |
_a7 _bcbc _corignew _d2 _encip _f19 _gy-gencatlg |
||
| 942 |
_2ddc _cBK |
||
| 999 |
_c2833 _d2833 |
||